Pháp luật chuyên ngành Giáo trình đào tạo giáo viên THCS hệ CĐSP
Đề cập đến nhà nước và hiến pháp 1992: Pháp luật hành chính; pháp luật đất đai- tài nguyên- môi trường; pháp luật lao động; pháp luật kinh doanh và pháp luật tài chính; pháp luật dân sự; hôn nhân và gia đình, tố tụng dân sự; hình sự,pháp luật quốc tế. Giới thiệu một số vấn đề về giảng dạy pháp luật...
Đã lưu trong:
| Tác giả chính: | |
|---|---|
| Định dạng: | Sách |
| Ngôn ngữ: | Vietnamese |
| Năm xuất bản: |
H.
Giáo dục
1998
|
| Chủ đề: | |
| Tags: |
Thêm thẻ
Không có thẻ, Hãy là người đầu tiên gắn thẻ bản ghi này!
|
| LEADER | 02881nam a2200325 a 4500 | ||
|---|---|---|---|
| 001 | vtls000042995 | ||
| 003 | VRT | ||
| 005 | 20161011141659.0 | ||
| 008 | 140331 2014 vm m 000 vieie | ||
| 039 | 9 | |a 201404211119 |b luuthiha |c 201404210926 |d luuthiha |c 201404210919 |d luuthiha | |
| 040 | |a TVTTHCM | ||
| 082 | 0 | 4 | |a 340.071 |b D561TH |
| 100 | |a Dương Thanh Mai | ||
| 245 | 0 | 0 | |a Pháp luật chuyên ngành |c Dương Thanh Mai( chủ biên), Đinh Xuân Thắng, Nguyễn Đức Chiến |b Giáo trình đào tạo giáo viên THCS hệ CĐSP |
| 260 | |a H. |b Giáo dục |c 1998 | ||
| 300 | |a 260 tr. |c 21 cm | ||
| 520 | |a Đề cập đến nhà nước và hiến pháp 1992: Pháp luật hành chính; pháp luật đất đai- tài nguyên- môi trường; pháp luật lao động; pháp luật kinh doanh và pháp luật tài chính; pháp luật dân sự; hôn nhân và gia đình, tố tụng dân sự; hình sự,pháp luật quốc tế. Giới thiệu một số vấn đề về giảng dạy pháp luật ở trường trung học cơ sở. | ||
| 653 | |a Pháp luật | ||
| 653 | |a Giáo trình | ||
| 942 | |2 ddc |c STK0 | ||
| 999 | |c 6023 |d 6023 | ||
| 952 | |0 0 |1 0 |2 ddc |4 0 |6 340_071000000000000_D561TH |7 0 |8 300 |9 55290 |a qbu |b qbu |c D2 |d 2015-01-10 |g 520000 |o 340.071 D561TH |p 3336.C1 |r 0000-00-00 |w 2015-01-10 |y STK0 |0 0 |6 340_071000000000000_D561TH | ||
| 952 | |0 0 |1 0 |2 ddc |4 0 |6 340_071000000000000_D561TH |7 0 |8 300 |9 55291 |a qbu |b qbu |c D2 |d 2015-01-10 |g 520000 |l 1 |o 340.071 D561TH |p 3336.C2 |r 2015-05-11 |s 2015-05-06 |w 2015-01-10 |y STK0 |0 0 |6 340_071000000000000_D561TH | ||
| 952 | |0 0 |1 0 |2 ddc |4 0 |6 340_071000000000000_D561TH |7 0 |8 300 |9 55292 |a qbu |b qbu |c D2 |d 2015-01-10 |g 520000 |o 340.071 D561TH |p 3336.C3 |r 0000-00-00 |w 2015-01-10 |y STK0 |0 0 |6 340_071000000000000_D561TH | ||
| 952 | |0 0 |1 0 |2 ddc |4 0 |6 340_071000000000000_D561TH |7 0 |8 300 |9 55293 |a qbu |b qbu |c D2 |d 2015-01-10 |g 520000 |o 340.071 D561TH |p 3336.C4 |r 0000-00-00 |w 2015-01-10 |y STK0 |0 0 |6 340_071000000000000_D561TH | ||
| 952 | |0 0 |1 0 |2 ddc |4 0 |6 340_071000000000000_D561TH |7 0 |8 300 |9 55294 |a qbu |b qbu |c D2 |d 2015-01-10 |g 520000 |o 340.071 D561TH |p 3336.C5 |r 0000-00-00 |w 2015-01-10 |y STK0 |0 0 |6 340_071000000000000_D561TH | ||
| 952 | |0 0 |1 0 |2 ddc |4 0 |6 340_071000000000000_D561TH |7 0 |8 300 |9 55295 |a qbu |b qbu |c D2 |d 2015-01-10 |g 520000 |o 340.071 D561TH |p 3336.C6 |r 0000-00-00 |w 2015-01-10 |y STK0 |0 0 |6 340_071000000000000_D561TH | ||
| 952 | |0 0 |1 0 |2 ddc |4 0 |6 340_071000000000000_D561TH |7 0 |8 300 |9 55296 |a qbu |b qbu |c D2 |d 2015-01-10 |g 520000 |o 340.071 D561TH |p 3336.C7 |r 0000-00-00 |w 2015-01-10 |y STK0 |0 0 |6 340_071000000000000_D561TH | ||
| 952 | |0 0 |1 0 |2 ddc |4 0 |6 340_071000000000000_D561TH |7 0 |8 300 |9 55297 |a qbu |b qbu |c D2 |d 2015-01-10 |g 520000 |o 340.071 D561TH |p 3336.C8 |r 0000-00-00 |w 2015-01-10 |y STK0 |0 0 |6 340_071000000000000_D561TH | ||
| 952 | |0 0 |1 0 |2 ddc |4 0 |6 340_071000000000000_D561TH |7 0 |8 300 |9 55298 |a qbu |b qbu |c D2 |d 2015-01-10 |g 520000 |o 340.071 D561TH |p 3336.C9 |r 0000-00-00 |w 2015-01-10 |y STK0 |0 0 |6 340_071000000000000_D561TH | ||